| 000 | 00914nam a2200241 i 4500 | ||
|---|---|---|---|
| 001 | 171208 | ||
| 003 | ES-MaACL | ||
| 005 | 20250808062754.0 | ||
| 008 | 090505s1968 sp |||| | spa d | ||
| 100 | 1 |
_aQuasten, Johannes. _994490 |
|
| 245 | 1 | 0 |
_aPatrología. _n1, _pHasta el Concilio de Nicea / _cJohannes Quasten ; edición española de Ignacio Oñatibia ; con la colaboración, en este volumen, de Pedro Urseolo Farre y Estanislao M. Llopart. |
| 250 | _a2ª ed. | ||
| 260 |
_aMadrid : _bLa Editorial Católica, _c1968. |
||
| 300 |
_a1 v. (XXI, 776 p.) ; _c20 cm. |
||
| 490 | 1 |
_aBiblioteca de autores cristianos ; _v206 |
|
| 650 |
_aPatrística. _915895 |
||
| 700 | 1 |
_aOñatibia, Ignacio. _987114 |
|
| 700 | 1 |
_aUrseolo Farre, Pedro. _9140022 |
|
| 700 | 1 |
_aLlopart, Estanislau. _9140023 |
|
| 830 | 1 | 0 |
_aBiblioteca de autores cristianos _v206 _9178679 |
| 852 |
_aES-MaACL _jJ-202 |
||
| 999 |
_c171208 _d171208 |
||